Duplex est ususfructus: ricerche sulla natura dell'usufrutto nel diritto comune
保存先:
| 第一著者: | |
|---|---|
| フォーマット: | 図書 |
| 言語: | イタリア語 |
| 出版事項: |
Milán
Cedam
1996
|
| シリーズ: | Dipartimento di Scienze Giuridiche Università di Trento, 23
|
| 主題: | |
| タグ: |
タグ追加
タグなし, このレコードへの初めてのタグを付けませんか!
|
MARC
| LEADER | 00000nam a2200000 a 4500 | ||
|---|---|---|---|
| 001 | UCO4498 | ||
| 003 | CL-VaPUC | ||
| 008 | 000804e19960000IT |||||||||||||||||ita|d | ||
| 082 | 0 | 4 | |a 346.043 |b ROS |2 21 |
| 100 | 0 | |a Rossi, Giovanni |e author |9 449051 | |
| 245 | 1 | 0 | |a Duplex est ususfructus: ricerche sulla natura dell'usufrutto nel diritto comune |
| 300 | |a v | ||
| 942 | |c BK | ||
| 945 | |d 20000804 00:00:00 |a vberengu | ||
| 260 | |a Milán |b Cedam |c 1996 | ||
| 500 | |a v.1: Dai Glossatori a Bartolo | ||
| 500 | |a v.2: Da Baldo agli inizi dell'Umanesimo giuridico | ||
| 650 | 0 | |a Bienes |9 255749 | |
| 650 | 0 | |a Derecho civil |9 255013 | |
| 650 | 0 | |a Derecho común |9 376758 | |
| 650 | 0 | |a Propiedad |9 255268 | |
| 650 | 0 | |a Usufructo |9 256763 | |
| 583 | |a last modification |c 20000804 00:00:00 |k Rodrigo Vera | ||
| 490 | 0 | |a Dipartimento di Scienze Giuridiche Università di Trento, 23 | |
| 999 | |c 290533 |d 290531 | ||
| 952 | |0 0 |1 0 |4 0 |6 346_043000000000000_ROS_1996 |7 0 |8 DER_HIS |9 340031 |a BIBDER |b BIBDER |d 2019-11-20 |h v.2 |i 3592006 |o 346.043 ROS 1996 |p 3592006 |r 2023-01-25 |w 2019-11-20 |x Ubicación 4to Piso |y BK |z Estos recursos deben solicitarse con anticipación |k DER | ||
| 952 | |0 0 |1 0 |4 0 |6 346_043000000000000_ROS_1996 |7 0 |8 DER_HIS |9 340032 |a BIBDER |b BIBDER |d 2019-11-20 |h v.1 |i 3591999 |o 346.043 ROS 1996 |p 3591999 |r 2023-01-25 |w 2019-11-20 |x Ubicación 4to Piso |y BK |z Estos recursos deben solicitarse con anticipación |k DER | ||